| 000 | 00700nam a22001817a 4500 | ||
|---|---|---|---|
| 999 |
_c196148 _d196148 |
||
| 005 | 20230711103239.0 | ||
| 010 | _aB-754223-243 CHEN 25.5.23 | ||
| 020 |
_a9788131936566 _c150.00 |
||
| 035 | _aB-754223-243 | ||
| 037 | _bB.Jain Publishers (P) Ltd. | ||
| 082 | _a921 | ||
| 245 | _aAPJ Abdul Kalam / | ||
| 260 |
_aNew Delhi _bB.Jain Publishers (P) Ltd. _c202? |
||
| 270 |
_aD-157, Sector 63, Noida _bU.P. _e201307 |
||
| 300 |
_a64p. _bcol.ill _c21cm(pbk) |
||
| 942 |
_2ddc _cCH _mAPJ _h921 |
||